[Event "DVM U16 2003"]
[Site "Greifswald GER"]
[Date "2003.12.29"]
[Round "6"]
[White "Papaioannou, Dimitri"]
[Black "Nüsken, Nikolas"]
[Result "0-1"]
[Termination "normal"]
[Board "1.1"]
[WhiteElo "1922"]
[BlackElo "2209"]
[WhiteTeam "SF Köln-Mülheim"]
[BlackTeam "HSK/Post SV Hannover"]
[PlyCount "44"]
[WhiteFideId "24673170"]
[BlackFideId "24605891"]
[EventCountry "GER"]
[EventRounds "7"]
[EventType "team-swiss"]
[EventDate "2003.12.26"]

1. e4 c5 2. Nf3 e6 3. Nc3 a6 4. d4 cxd4 5. Nxd4 Qc7 6. Be2 Nf6 7. O-O d6 8. Be3
b5 9. Bf3 Bb7 10. a3 Nbd7 11. Re1 Be7 12. Bg5 h6 13. Bxf6 Nxf6 14. Qe2 Nd7 15.
Bh5 O-O 16. Kh1 Ne5 17. Rad1 Nc4 18. Rd3 Nxb2 19. Rg3 Bf6 20. Qe3 Qc5 21. Qxh6
Qxd4 22. f4 Qxc3 0-1

[Event "DVM U16 2003"]
[Site "Greifswald GER"]
[Date "2003.12.29"]
[Round "6"]
[White "Abel, Dennes"]
[Black "Krug, Kevin"]
[Result "1-0"]
[Termination "normal"]
[Board "1.2"]
[WhiteElo "2139"]
[BlackElo "1946"]
[WhiteTeam "HSK/Post SV Hannover"]
[BlackTeam "SF Köln-Mülheim"]
[PlyCount "77"]
[WhiteFideId "24605417"]
[BlackFideId "24609110"]
[EventCountry "GER"]
[EventRounds "7"]
[EventType "team-swiss"]
[EventDate "2003.12.26"]

1. d4 Nf6 2. c4 e5 3. dxe5 Ne4 4. Nd2 Bb4 5. Qc2 d5 6. a3 Bxd2+ 7. Bxd2 Bf5 8.
Qa4+ Nc6 9. Bf4 a6 10. Nf3 Nc5 11. Qd1 dxc4 12. Bg5 Ne7 13. Qxd8+ Rxd8 14. Nh4
Bc2 15. Rc1 Bb3 16. e3 b5 17. Bxe7 Kxe7 18. Nf5+ Kf8 19. Nd4 Rd5 20. f4 Ba4 21.
Be2 Nb3 22. Rd1 Nxd4 23. Rxd4 Rxd4 24. exd4 Bc2 25. Bf3 Ke7 26. Kd2 Bf5 27. Kc3
Rd8 28. Rd1 Bc8 29. Kb4 Kd7 30. Kc5 Ke6 31. Bg4+ Ke7 32. Bf3 Ke6 33. Bc6 Kf5
34. g3 Kg4 35. d5 h5 36. d6 cxd6+ 37. exd6 h4 38. d7 Bxd7 39. Bxd7+ 1-0

[Event "DVM U16 2003"]
[Site "Greifswald GER"]
[Date "2003.12.29"]
[Round "6"]
[White "Krutwig, Longlong"]
[Black "Romakin, Helene"]
[Result "1-0"]
[Termination "normal"]
[Board "1.3"]
[WhiteElo "1928"]
[BlackElo "2081"]
[WhiteTeam "SF Köln-Mülheim"]
[BlackTeam "HSK/Post SV Hannover"]
[PlyCount "85"]
[WhiteFideId "24629979"]
[BlackFideId "24605964"]
[EventCountry "GER"]
[EventRounds "7"]
[EventType "team-swiss"]
[EventDate "2003.12.26"]

1. d4 Nf6 2. Nf3 c5 3. c3 g6 4. Bf4 cxd4 5. cxd4 Bg7 6. Nc3 d6 7. e4 Qb6 8. Qd2
O-O 9. h3 Nbd7 10. Bc4 e5 11. Be3 Qb4 12. Bb3 Re8 13. O-O Nb6 14. Qc2 Bd7 15.
a3 Qa5 16. Ba2 Na4 17. b4 Qc7 18. Rac1 Rec8 19. Bxf7+ Kf8 20. Bd2 Nxc3 21. Bxc3
exd4 22. Qb3 dxc3 23. Ng5 h6 24. Bg8 d5 25. Ne6+ Bxe6 26. Bxe6 Qc4 27. Qd1 Rd8
28. exd5 Ne8 29. Qf3+ Bf6 30. Rfe1 Rd6 31. Re4 Qc7 32. Rg4 Kg7 33. Qf5 g5 34.
h4 Ra6 35. hxg5 hxg5 36. Rxg5+ Bxg5 37. Qxg5+ Kf8 38. Qg8+ Ke7 39. Re1 Kf6 40.
Qf8+ Kg6 41. Qf5+ Kg7 42. Qg5+ Kh7 43. Re3 1-0

[Event "DVM U16 2003"]
[Site "Greifswald GER"]
[Date "2003.12.29"]
[Round "6"]
[White "Laake, Jasmin"]
[Black "Kanevski, Vladyslav"]
[Result "1-0"]
[Termination "normal"]
[Board "1.4"]
[WhiteElo "1975"]
[BlackElo "1672"]
[WhiteTeam "HSK/Post SV Hannover"]
[BlackTeam "SF Köln-Mülheim"]
[PlyCount "119"]
[WhiteFideId "4699939"]
[BlackFideId "1270581"]
[EventCountry "GER"]
[EventRounds "7"]
[EventType "team-swiss"]
[EventDate "2003.12.26"]

1. e4 c5 2. Nf3 e6 3. d4 cxd4 4. Nxd4 Nf6 5. Nc3 Nc6 6. Be3 Bb4 7. f3 O-O 8.
Qd2 a6 9. O-O-O Qa5 10. Nb3 Bxc3 11. Nxa5 Bxd2+ 12. Bxd2 d5 13. Nxc6 bxc6 14.
e5 Nd7 15. f4 c5 16. c4 dxc4 17. Bxc4 Nb6 18. Be2 Bb7 19. Rhg1 Rac8 20. Kb1
Be4+ 21. Ka1 Bb7 22. g3 c4 23. Rc1 Bd5 24. Be3 Nd7 25. Rc2 Rc6 26. Rgc1 Rfc8
27. Rc3 h6 28. Bd1 Nc5 29. Ra3 Nd3 30. Rcc3 Nb4 31. Ra5 Ra8 32. a3 Nd3 33. Ba4
Rcc8 34. Bc2 Be4 35. Ra4 Bg6 36. Raxc4 Rxc4 37. Rxc4 Rb8 38. b4 Kh7 39. Bd1 Rd8
40. Be2 Ne1 41. Kb2 Bd3 42. Bxd3+ Rxd3 43. Rc3 Rd5 44. Kb3 Kg6 45. Kc4 Nf3 46.
h3 Nd2+ 47. Bxd2 Rxd2 48. Kc5 Rd8 49. Kb6 f6 50. Kxa6 fxe5 51. fxe5 Kf5 52. Re3
g5 53. b5 h5 54. b6 h4 55. g4+ Kf4 56. Rc3 Kxe5 57. b7 Kf4 58. Rc8 Rd3 59.
b8=Q+ e5 60. Rf8+ 1-0

[Event "DVM U16 2003"]
[Site "Greifswald GER"]
[Date "2003.12.29"]
[Round "6"]
[White "Süß, Stefan"]
[Black "Frübing, Stefan"]
[Result "1/2-1/2"]
[Termination "normal"]
[Board "2.1"]
[WhiteElo "2009"]
[BlackElo "2096"]
[WhiteTeam "FSV Großenseebach"]
[BlackTeam "SV Glück Auf Rüdersdorf"]
[PlyCount "89"]
[WhiteFideId "24606090"]
[BlackFideId "4682165"]
[EventCountry "GER"]
[EventRounds "7"]
[EventType "team-swiss"]
[EventDate "2003.12.26"]

1. e4 c5 2. Nf3 Nc6 3. d4 cxd4 4. Nxd4 g6 5. Nc3 Bg7 6. Be3 Nf6 7. Bc4 Qa5 8.
O-O O-O 9. Nb3 Qd8 10. f4 d6 11. Be2 Na5 12. g4 Be6 13. g5 Nd7 14. Bd4 Bxd4+
15. Qxd4 Nxb3 16. axb3 Qb6 17. Qxb6 Nxb6 18. Nb5 Rac8 19. Nd4 Bg4 20. Rf2 Bxe2
21. Rxe2 a6 22. Rd1 f6 23. gxf6 Rxf6 24. f5 gxf5 25. Nxf5 Kf7 26. Rg2 Rg6 27.
Rdd2 Nd7 28. Rxg6 hxg6 29. Nd4 Nf6 30. Re2 e5 31. Nf3 Nh5 32. Ng5+ Ke7 33. Nh3
Nf4 34. Nxf4 exf4 35. Kg2 g5 36. Kf3 Kf6 37. Rd2 Ke6 38. c3 Rh8 39. Rg2 Kf6 40.
Rd2 Rh3+ 41. Kg4 Rh4+ 42. Kf3 Ke6 43. Rg2 Rh3+ 44. Kg4 Rh8 45. Kf3 1/2-1/2

[Event "DVM U16 2003"]
[Site "Greifswald GER"]
[Date "2003.12.29"]
[Round "6"]
[White "Becker, Nils"]
[Black "Borel, Markus"]
[Result "1-0"]
[Termination "normal"]
[Board "2.2"]
[WhiteElo "2036"]
[BlackElo "1926"]
[WhiteTeam "SV Glück Auf Rüdersdorf"]
[BlackTeam "FSV Großenseebach"]
[PlyCount "79"]
[WhiteFideId "4695216"]
[BlackFideId "24605522"]
[EventCountry "GER"]
[EventRounds "7"]
[EventType "team-swiss"]
[EventDate "2003.12.26"]

1. e4 c5 2. Nf3 d6 3. Nc3 Nc6 4. Be2 g6 5. d4 cxd4 6. Nxd4 Bd7 7. O-O Bg7 8.
Nb3 a6 9. Be3 Nf6 10. Nd5 Nxd5 11. exd5 Na5 12. Nxa5 Qxa5 13. c3 O-O 14. Qb3 b5
15. Bg5 Rfe8 16. Bf3 h6 17. Be3 Rab8 18. Qc2 b4 19. c4 Rec8 20. Be4 Kh7 21. h4
Qc7 22. Bd3 Rb7 23. Rac1 b3 24. axb3 Rcb8 25. h5 Be8 26. hxg6+ fxg6 27. c5 Rxb3
28. Bxa6 Rxb2 29. Qe4 R2b4 30. Qf3 Bb5 31. Bxb5 R4xb5 32. c6 Rb4 33. Qh3 Rd8
34. Rb1 Rbb8 35. Rfc1 h5 36. Rxb8 Rxb8 37. Qd7 Rc8 38. Rb1 Qxd7 39. cxd7 Rd8
40. Rb7 1-0

[Event "DVM U16 2003"]
[Site "Greifswald GER"]
[Date "2003.12.29"]
[Round "6"]
[White "Hofmann, Benjamin"]
[Black "Rutschke, Bernhard"]
[Result "1-0"]
[Termination "normal"]
[Board "2.3"]
[WhiteElo "1979"]
[BlackElo "1922"]
[WhiteTeam "FSV Großenseebach"]
[BlackTeam "SV Glück Auf Rüdersdorf"]
[PlyCount "89"]
[WhiteFideId "24605743"]
[BlackFideId "24611050"]
[EventCountry "GER"]
[EventRounds "7"]
[EventType "team-swiss"]
[EventDate "2003.12.26"]

1. e4 c5 2. c3 d5 3. exd5 Qxd5 4. d4 Nf6 5. Nf3 Bg4 6. Be2 e6 7. Be3 cxd4 8.
cxd4 Be7 9. Nc3 Qa5 10. O-O O-O 11. h3 Bf5 12. Nh4 Nc6 13. Nxf5 Qxf5 14. Qb3 b6
15. Rac1 Nb4 16. Rfd1 Rfd8 17. a3 Nbd5 18. Nxd5 Nxd5 19. Bg4 Qf6 20. Bf3 h6 21.
Rc2 Rab8 22. Bxd5 Rxd5 23. Rdc1 Bd6 24. Qa4 Qe7 25. Rc8+ Rxc8 26. Rxc8+ Kh7 27.
Ra8 Ra5 28. Qc2+ g6 29. Qc8 Qf8 30. Qxf8 Bxf8 31. Rxf8 Kg7 32. Rc8 Rb5 33. Rc2
a5 34. Kf1 g5 35. Ke2 Rb3 36. Bc1 f5 37. Rc3 Rb5 38. Kd3 Rd5 39. f4 Kf6 40. g4
Rd6 41. Rc2 Kg6 42. Rg2 Rd5 43. fxg5 hxg5 44. gxf5+ Rxf5 45. Rxg5+ 1-0

[Event "DVM U16 2003"]
[Site "Greifswald GER"]
[Date "2003.12.29"]
[Round "6"]
[White "von der Ahé, Florian"]
[Black "Schneider, Andreas"]
[Result "0-1"]
[Termination "normal"]
[Board "3.1"]
[WhiteElo "1675"]
[BlackElo "2108"]
[WhiteTeam "Rochade Kuppenheim"]
[BlackTeam "Wilhelmshavener SF"]
[PlyCount "64"]
[WhiteFideId "12970506"]
[BlackFideId "24606022"]
[EventCountry "GER"]
[EventRounds "7"]
[EventType "team-swiss"]
[EventDate "2003.12.26"]

1. Nf3 d5 2. g3 c6 3. Bg2 Nf6 4. d3 Bg4 5. Nbd2 h5 6. b3 Qa5 7. O-O Nbd7 8. Bb2
e6 9. e4 dxe4 10. dxe4 O-O-O 11. Qe1 h4 12. h3 hxg3 13. hxg4 Nxg4 14. Nc4 Qh5
15. Ne3 gxf2+ 16. Rxf2 Nxf2 17. Kxf2 Qg6 18. Nc4 Nf6 19. Nfe5 Ng4+ 20. Nxg4
Qxg4 21. b4 Rh2 22. Ne3 Qf4+ 23. Kg1 Bxb4 24. Qf2 Qc7 25. Nc4 Rh5 26. e5 b6 27.
Nd6+ Rxd6 28. exd6 Qxd6 29. Qe2 Qh2+ 30. Kf1 Rf5+ 31. Bf3 Qh3+ 32. Qg2 Rxf3+
0-1

[Event "DVM U16 2003"]
[Site "Greifswald GER"]
[Date "2003.12.29"]
[Round "6"]
[White "Lubbe, Nikolas"]
[Black "Mrinski, Evgenij"]
[Result "1-0"]
[Termination "normal"]
[Board "3.2"]
[WhiteElo "2103"]
[BlackElo "1724"]
[WhiteTeam "Wilhelmshavener SF"]
[BlackTeam "Rochade Kuppenheim"]
[PlyCount "101"]
[WhiteFideId "4694031"]
[EventCountry "GER"]
[EventRounds "7"]
[EventType "team-swiss"]
[EventDate "2003.12.26"]

1. d4 f5 2. g3 Nf6 3. Bg2 g6 4. Nf3 Bg7 5. O-O O-O 6. c4 d6 7. Nc3 Qe8 8. d5 a5
9. a3 Na6 10. Rb1 c6 11. b4 axb4 12. axb4 cxd5 13. Nxd5 Nxd5 14. Qxd5+ Kh8 15.
Bb2 Qf7 16. Ng5 Qxd5 17. Bxd5 Bxb2 18. Rxb2 Nc7 19. Bg2 h6 20. Nh3 g5 21. f4 g4
22. Nf2 Ra3 23. e4 b6 24. Re2 Rc3 25. exf5 Bxf5 26. Rxe7 Rxc4 27. Rd1 Re8 28.
Rxe8+ Nxe8 29. b5 Bd7 30. Bc6 Bxc6 31. bxc6 h5 32. Rd5 Rxc6 33. Rxh5+ Kg7 34.
Rg5+ Kf7 35. Nxg4 Rc5 36. Nh6+ Ke7 37. h4 Rxg5 38. hxg5 b5 39. Nf5+ Kf7 40. Kf2
b4 41. Ke3 Ke6 42. g4 Kd5 43. Kd3 b3 44. g6 b2 45. Kc2 b1=Q+ 46. Kxb1 Nf6 47.
g5 Ng8 48. Nh6 Ne7 49. f5 Ke5 50. g7 d5 51. f6 1-0

[Event "DVM U16 2003"]
[Site "Greifswald GER"]
[Date "2003.12.29"]
[Round "6"]
[White "Stiefel, Michael"]
[Black "Lubbe, Alexander"]
[Result "0-1"]
[Termination "normal"]
[Board "3.3"]
[WhiteElo "1842"]
[BlackElo "1683"]
[WhiteTeam "Rochade Kuppenheim"]
[BlackTeam "Wilhelmshavener SF"]
[PlyCount "106"]
[WhiteFideId "24608556"]
[EventCountry "GER"]
[EventRounds "7"]
[EventType "team-swiss"]
[EventDate "2003.12.26"]

1. e4 d5 2. exd5 Qxd5 3. Nc3 Qa5 4. Bc4 Nf6 5. d3 Bf5 6. Bd2 c6 7. Qe2 e6 8.
O-O-O Qc7 9. h3 Nbd7 10. g4 Bg6 11. f4 O-O-O 12. Qf3 Nb6 13. Bb3 Bc5 14. Nge2
h6 15. Ng3 Nfd5 16. f5 exf5 17. Nxf5 Bxf5 18. Qxf5+ Qd7 19. Qxd7+ Rxd7 20. Rde1
Rf8 21. Rhf1 Be7 22. Ne4 Bh4 23. Re2 Kc7 24. c4 Nf6 25. Bf4+ Kc8 26. Nd6+ Kd8
27. Kc2 Ne8 28. Nf5 Bg5 29. Bb8 Nc8 30. h4 Bf6 31. Bg3 Ncd6 32. Nxd6 Nxd6 33.
Rfe1 g6 34. a4 b6 35. Rf1 Be7 36. Rfe1 Nb7 37. Rd1 f5 38. gxf5 gxf5 39. Rf2 Nc5
40. Rdd2 Ne6 41. Rf1 Bb4 42. Be5 Bxd2 43. Kxd2 Ke7 44. Bc2 f4 45. Bd1 Rf5 46.
Bc3 Nc5 47. d4 Ne4+ 48. Kd3 Nxc3 49. Bg4 Kf6 50. bxc3 Re7 51. Bxf5 Kxf5 52. d5
Re3+ 53. Kd4 c5# 0-1

[Event "DVM U16 2003"]
[Site "Greifswald GER"]
[Date "2003.12.29"]
[Round "6"]
[White "Konrad, Maximilian"]
[Black "Schneider, Olaf"]
[Result "1/2-1/2"]
[Termination "normal"]
[Board "3.4"]
[WhiteElo "1644"]
[BlackElo "1410"]
[WhiteTeam "Wilhelmshavener SF"]
[BlackTeam "Rochade Kuppenheim"]
[PlyCount "91"]
[EventCountry "GER"]
[EventRounds "7"]
[EventType "team-swiss"]
[EventDate "2003.12.26"]

1. e4 e5 2. Nf3 Nf6 3. Nxe5 d6 4. Nf3 Nxe4 5. d4 Be7 6. Bd3 Nf6 7. O-O O-O 8.
h3 Nc6 9. c3 d5 10. Qc2 h6 11. Bf4 Bd6 12. Bxd6 Qxd6 13. Nbd2 Be6 14. Rfe1 Rfe8
15. Ne5 Nd7 16. Ndf3 Ndxe5 17. Nxe5 Nxe5 18. Rxe5 Bd7 19. Rae1 Rxe5 20. dxe5
Qe6 21. Kh1 Re8 22. f4 Qc6 23. Qf2 Qb6 24. Qd2 c5 25. b3 Qc6 26. Qe2 g6 27. Kh2
d4 28. Be4 Qb6 29. c4 Bf5 30. g4 Bxe4 31. Qxe4 Qc6 32. Qd3 Qc7 33. Qg3 Qd7 34.
f5 g5 35. h4 d3 36. Qe3 Qd4 37. Qxd4 cxd4 38. Rd1 Rxe5 39. Rxd3 Re4 40. hxg5
hxg5 41. Kg3 f6 42. b4 Kf7 43. a4 Ke7 44. c5 Kd7 45. b5 Kc7 46. Kf3 1/2-1/2

[Event "DVM U16 2003"]
[Site "Greifswald GER"]
[Date "2003.12.29"]
[Round "6"]
[White "Strohhäker, Raoul"]
[Black "Baldauf, Marco"]
[Result "1-0"]
[Termination "normal"]
[Board "4.1"]
[WhiteElo "2106"]
[BlackElo "2131"]
[WhiteTeam "SF Conweiler"]
[BlackTeam "SG Pang/Rosenheim"]
[PlyCount "61"]
[WhiteFideId "4687400"]
[BlackFideId "4688210"]
[EventCountry "GER"]
[EventRounds "7"]
[EventType "team-swiss"]
[EventDate "2003.12.26"]

1. c4 Nf6 2. Nc3 c5 3. Nf3 e6 4. d4 cxd4 5. Nxd4 a6 6. e3 Qc7 7. Be2 Be7 8. O-O
O-O 9. b3 Nc6 10. Bb2 d6 11. Nxc6 Qxc6 12. Rc1 Bd7 13. Bf3 Qc7 14. Qd3 Rad8 15.
Rfd1 Qb8 16. Ne4 Nxe4 17. Qxe4 Bc6 18. Qg4 g6 19. Bxc6 bxc6 20. Qd4 e5 21. Qe4
Qb7 22. c5 dxc5 23. Qxe5 f6 24. Qe6+ Kg7 25. g4 h6 26. h4 Rd5 27. e4 Rxd1+ 28.
Rxd1 Rd8 29. Rxd8 Bxd8 30. g5 hxg5 31. hxg5 1-0

[Event "DVM U16 2003"]
[Site "Greifswald GER"]
[Date "2003.12.29"]
[Round "6"]
[White "Lindenberg, Georg"]
[Black "Strohhäker, Ralph"]
[Result "1/2-1/2"]
[Termination "normal"]
[Board "4.2"]
[WhiteElo "1889"]
[BlackElo "2131"]
[WhiteTeam "SG Pang/Rosenheim"]
[BlackTeam "SF Conweiler"]
[PlyCount "59"]
[WhiteFideId "24612170"]
[BlackFideId "4693426"]
[EventCountry "GER"]
[EventRounds "7"]
[EventType "team-swiss"]
[EventDate "2003.12.26"]

1. e4 c5 2. Nf3 Nc6 3. d4 cxd4 4. Nxd4 e6 5. Nc3 Qc7 6. Be2 a6 7. O-O Nf6 8.
Be3 Bb4 9. f3 Ne7 10. Qd3 d5 11. exd5 Nfxd5 12. Nxd5 Nxd5 13. Bf2 Nf4 14. Qe4
Nxe2+ 15. Nxe2 Bd6 16. h3 O-O 17. Rfd1 Rd8 18. c4 Bd7 19. Rac1 Be7 20. Bd4 Bc5
21. b3 e5 22. Bf2 Bc6 23. Qh4 Qe7 24. Qxe7 Bxe7 25. Nc3 Ba3 26. Rb1 Bb4 27. Be1
Bxc3 28. Bxc3 e4 29. Kf2 f5 30. Ba5 1/2-1/2

[Event "DVM U16 2003"]
[Site "Greifswald GER"]
[Date "2003.12.29"]
[Round "6"]
[White "Augner, Björn"]
[Black "Baldauf, Manuel"]
[Result "1-0"]
[Termination "normal"]
[Board "4.3"]
[WhiteElo "1759"]
[BlackElo "1658"]
[WhiteTeam "SF Conweiler"]
[BlackTeam "SG Pang/Rosenheim"]
[PlyCount "53"]
[BlackFideId "4648528"]
[EventCountry "GER"]
[EventRounds "7"]
[EventType "team-swiss"]
[EventDate "2003.12.26"]

1. Nf3 c5 2. c4 Nf6 3. Nc3 e6 4. g3 b6 5. Bg2 Bb7 6. O-O Be7 7. d3 O-O 8. e4 d6
9. Ne1 Nc6 10. f4 a6 11. f5 Nd4 12. g4 Nd7 13. Nf3 Nxf3+ 14. Qxf3 Ne5 15. Qe2
Bc6 16. Kh1 b5 17. Bf4 Rb8 18. Rad1 Bg5 19. Bg3 Bh4 20. Bf4 Bg5 21. Bg3 Bh4 22.
fxe6 fxe6 23. Rxf8+ Kxf8 24. Qf2+ Bf6 25. Bxe5 dxe5 26. g5 bxc4 27. dxc4 1-0

[Event "DVM U16 2003"]
[Site "Greifswald GER"]
[Date "2003.12.29"]
[Round "6"]
[White "Häußler, Philipp"]
[Black "Augner, Claas"]
[Result "1-0"]
[Termination "normal"]
[Board "4.4"]
[WhiteElo "1705"]
[BlackElo "1392"]
[WhiteTeam "SG Pang/Rosenheim"]
[BlackTeam "SF Conweiler"]
[PlyCount "107"]
[EventCountry "GER"]
[EventRounds "7"]
[EventType "team-swiss"]
[EventDate "2003.12.26"]

1. d4 Nf6 2. Nf3 g6 3. g3 Bg7 4. Bg2 O-O 5. O-O d6 6. c4 Nbd7 7. Nc3 c5 8. d5
a6 9. a4 b6 10. e4 Qc7 11. Re1 Re8 12. Bf4 Ng4 13. Nd2 Nge5 14. Qe2 Nf8 15. h3
f5 16. Be3 fxe4 17. Ndxe4 Rb8 18. f4 Nf7 19. Bf2 Bb7 20. Rad1 e5 21. Qf3 exf4
22. gxf4 Nd7 23. Re2 Re7 24. Rde1 Rbe8 25. Bh4 Nfe5 26. fxe5 Rxe5 27. Qd3 Rf5
28. Nf6+ Nxf6 29. Rxe8+ Nxe8 30. Rxe8+ Rf8 31. Rxf8+ Kxf8 32. Qf3+ Kg8 33. Bf6
Qf7 34. Bxg7 Kxg7 35. Qxf7+ Kxf7 36. Ne4 Ke7 37. Bf3 Bc8 38. Bg4 Bxg4 39. hxg4
h6 40. Kf2 h5 41. gxh5 gxh5 42. Kg3 Kd7 43. Kh4 Kc7 44. Kxh5 b5 45. axb5 axb5
46. b3 bxc4 47. bxc4 Kc8 48. Kg6 Kd7 49. Kf7 Kc7 50. Ke7 Kb8 51. Kxd6 Ka7 52.
Kxc5 Kb7 53. d6 Kc8 54. Kc6 1-0

[Event "DVM U16 2003"]
[Site "Greifswald GER"]
[Date "2003.12.29"]
[Round "6"]
[White "Krizek, Michael"]
[Black "Seiler, Sascha"]
[Result "0-1"]
[Termination "normal"]
[Board "5.1"]
[WhiteElo "1588"]
[BlackElo "1877"]
[WhiteTeam "TSG Apolda"]
[BlackTeam "Heilbronner SV"]
[PlyCount "60"]
[BlackFideId "24630594"]
[EventCountry "GER"]
[EventRounds "7"]
[EventType "team-swiss"]
[EventDate "2003.12.26"]

1. e4 c5 2. Nf3 d6 3. d4 cxd4 4. Nxd4 Nf6 5. Nc3 a6 6. h3 e6 7. g4 b5 8. Bg2
Bb7 9. Be3 Qc7 10. a3 Nc6 11. O-O Be7 12. Qd2 Ne5 13. g5 Nc4 14. Qe2 Nd7 15.
Rab1 Nxa3 16. bxa3 Qxc3 17. Rb3 Qc7 18. f4 Nc5 19. Rc3 Qd7 20. Bd2 O-O 21. f5
exf5 22. exf5 Rfe8 23. Qh5 g6 24. fxg6 fxg6 25. Qh4 Bxg2 26. Kxg2 Qb7+ 27. Kg1
Ne4 28. Rf7 h5 29. Nf5 Kxf7 30. Nh6+ Kg7 0-1

[Event "DVM U16 2003"]
[Site "Greifswald GER"]
[Date "2003.12.29"]
[Round "6"]
[White "Luo, Xingping"]
[Black "Gebhardt, Martin"]
[Result "0-1"]
[Termination "normal"]
[Board "5.2"]
[WhiteElo "1495"]
[BlackElo "1635"]
[WhiteTeam "Heilbronner SV"]
[BlackTeam "TSG Apolda"]
[PlyCount "118"]
[BlackFideId "24626317"]
[EventCountry "GER"]
[EventRounds "7"]
[EventType "team-swiss"]
[EventDate "2003.12.26"]

1. e4 e6 2. d4 d5 3. Nc3 Bb4 4. e5 c5 5. a3 Bxc3+ 6. bxc3 Ne7 7. Qg4 Qc7 8. Ne2
cxd4 9. cxd4 Qxc2 10. Qxg7 Rg8 11. Qh6 Nbc6 12. Qd2 Qxd2+ 13. Bxd2 Nf5 14. Be3
b6 15. Rd1 Ba6 16. Ng3 Bxf1 17. Kxf1 Nxe3+ 18. fxe3 Rg5 19. Ke2 Na5 20. Kf3 Nc4
21. Rd3 b5 22. h4 Rg8 23. Nh5 Ke7 24. Nf6 Rg7 25. g4 h6 26. Kf4 Rc8 27. Rc3 Rc6
28. Rhc1 Ra6 29. e4 dxe4 30. Nxe4 Rg8 31. Nd6 Nxd6 32. Rc7+ Kf8 33. exd6 Rxd6
34. Rxa7 Rxd4+ 35. Ke3 Rgxg4 36. Rc8+ Kg7 37. Rb8 Ra4 38. Rd7 Rxa3+ 39. Kf2 b4
40. Rdd8 Rxh4 41. Rd1 Rh2+ 42. Kg1 Rb2 43. Rb7 Rf3 44. Rc1 b3 45. Rd1 Kg6 46.
Rb5 h5 47. Rc1 Re3 48. Ra1 h4 49. Rb4 Kg5 50. Ra5+ f5 51. Ra1 f4 52. Ra5+ Kg4
53. Ra1 e5 54. Rb8 f3 55. Kf1 e4 56. Rg8+ Kh3 57. Rg1 f2 58. Rh1+ Kg3 59. Rd1
Re1+ 0-1

[Event "DVM U16 2003"]
[Site "Greifswald GER"]
[Date "2003.12.29"]
[Round "6"]
[White "Nißler, Daniel"]
[Black "Witte, Stefan"]
[Result "0-1"]
[Termination "normal"]
[Board "5.3"]
[WhiteElo "1424"]
[BlackElo "1470"]
[WhiteTeam "TSG Apolda"]
[BlackTeam "Heilbronner SV"]
[PlyCount "106"]
[EventCountry "GER"]
[EventRounds "7"]
[EventType "team-swiss"]
[EventDate "2003.12.26"]

1. e4 c5 2. Nf3 e6 3. d4 cxd4 4. Nxd4 a6 5. Nc3 Qc7 6. Be3 Bb4 7. Nde2 Nf6 8.
f3 b5 9. Qd3 Nc6 10. O-O-O d6 11. f4 Ng4 12. Bg1 O-O 13. h3 Nf6 14. g4 Bc5 15.
Bh2 Nb4 16. Qf3 Bb7 17. Bg2 Rac8 18. g5 Nxe4 19. Nxe4 Be3+ 20. Kb1 Qxc2+ 21.
Ka1 Bxe4 22. Qxe4 Qxe2 23. Bf3 Qc4 24. Qxc4 Rxc4 25. Rxd6 Bxf4 26. Bxf4 Rxf4
27. Bg2 Rf2 28. Be4 Re2 29. Bf3 Re3 30. Rf1 a5 31. a3 Nd3 32. Bc6 b4 33. Bb5
Ne5 34. a4 Ra8 35. Rfd1 g6 36. Ka2 Kg7 37. Rh1 Rg3 38. h4 Rg4 39. Rdd1 h6 40.
gxh6+ Kxh6 41. Rh3 Rf4 42. Rg1 Rd8 43. Re1 Ng4 44. Rf1 Rxf1 45. Bxf1 Rd4 46.
Rd3 Rxd3 47. Bxd3 Ne5 48. Be2 g5 49. hxg5+ Kxg5 50. Kb1 Kf4 51. Kc1 Ke3 52. Kd1
Nd3 53. b3 f5 0-1

[Event "DVM U16 2003"]
[Site "Greifswald GER"]
[Date "2003.12.29"]
[Round "6"]
[White "Geshnizjani, Ramin"]
[Black "Nikol, Christoph"]
[Result "1-0"]
[Termination "normal"]
[Board "5.4"]
[WhiteElo "1641"]
[BlackElo "1468"]
[WhiteTeam "Heilbronner SV"]
[BlackTeam "TSG Apolda"]
[PlyCount "61"]
[WhiteFideId "24633089"]
[EventCountry "GER"]
[EventRounds "7"]
[EventType "team-swiss"]
[EventDate "2003.12.26"]

1. e4 e6 2. d4 d5 3. Nd2 Nf6 4. e5 Nfd7 5. Bd3 c5 6. c3 Nc6 7. Ne2 Qb6 8. Nf3
Be7 9. O-O O-O 10. a3 f6 11. exf6 Nxf6 12. Ne5 cxd4 13. Nxc6 bxc6 14. Nxd4 e5
15. Nf5 Bd8 16. Be3 Qc7 17. Bc5 e4 18. Bxf8 Kxf8 19. Ng3 exd3 20. Qxd3 Qf7 21.
b4 Bc7 22. a4 Be6 23. b5 c5 24. Rfe1 Re8 25. a5 g6 26. Qe3 Bd6 27. b6 axb6 28.
axb6 Ng4 29. Qd2 Qb7 30. h3 Nf6 31. Ra7 1-0

[Event "DVM U16 2003"]
[Site "Greifswald GER"]
[Date "2003.12.29"]
[Round "6"]
[White "Degtiarev, Jevgeni"]
[Black "Hoffmann, Udo"]
[Result "1-0"]
[Termination "normal"]
[Board "6.1"]
[WhiteElo "2284"]
[BlackElo "2138"]
[WhiteTeam "SG Aufbau Elbe Magdeburg"]
[BlackTeam "SF 74 Heinsberg"]
[PlyCount "96"]
[WhiteFideId "4149610"]
[BlackFideId "24605735"]
[EventCountry "GER"]
[EventRounds "7"]
[EventType "team-swiss"]
[EventDate "2003.12.26"]

1. d4 Nf6 2. c4 c5 3. d5 e6 4. Nc3 exd5 5. cxd5 d6 6. g3 g6 7. Bg2 Bg7 8. Nf3
O-O 9. O-O Na6 10. Nd2 Nc7 11. Nc4 b5 12. Na5 b4 13. Nb1 Nb5 14. Nc4 a5 15. a3
Ba6 16. axb4 axb4 17. Re1 Ng4 18. e4 Ne5 19. Nxe5 dxe5 20. Bf1 Qb6 21. Be3 Nd4
22. Bxd4 exd4 23. Rxa6 Rxa6 24. Nd2 Raa8 25. Nc4 Qb7 26. Bg2 f6 27. f4 Qb5 28.
Bf1 Qb7 29. Qb3 Kh8 30. Bg2 Qf7 31. Rf1 Ra6 32. Nd2 Qe7 33. Qc4 Ra7 34. Re1
Rfa8 35. Nb3 Ra2 36. Nxc5 Rxb2 37. Nd3 Rd2 38. Bf3 Ra3 39. Be2 Bf8 40. e5 Rc3
41. Qa6 fxe5 42. Nxe5 Ra3 43. d6 Qa7 44. Qxa7 Rxa7 45. d7 Be7 46. Bg4 Bf6 47.
Nc6 Raa2 48. Bf3 b3 1-0

[Event "DVM U16 2003"]
[Site "Greifswald GER"]
[Date "2003.12.29"]
[Round "6"]
[White "van Orsouw, Niclas"]
[Black "Großmann, Susan"]
[Result "1-0"]
[Termination "normal"]
[Board "6.2"]
[WhiteElo "1645"]
[BlackElo "1886"]
[WhiteTeam "SF 74 Heinsberg"]
[BlackTeam "SG Aufbau Elbe Magdeburg"]
[PlyCount "81"]
[BlackFideId "24608220"]
[EventCountry "GER"]
[EventRounds "7"]
[EventType "team-swiss"]
[EventDate "2003.12.26"]

1. e4 d6 2. d3 g6 3. g3 Bg7 4. Bg2 e5 5. Be3 Nc6 6. Qd2 Nf6 7. h3 Be6 8. c3 d5
9. Ne2 dxe4 10. dxe4 O-O 11. O-O Qe7 12. Qc2 Rfd8 13. Nd2 Nd7 14. f4 Nb6 15. b3
f5 16. Rae1 Rf8 17. fxe5 Nxe5 18. Nf4 Bd7 19. Bd4 Rae8 20. b4 Qd8 21. Qb3+ Kh8
22. exf5 Bxf5 23. Bxb7 c6 24. g4 Bd7 25. Ba6 Qc7 26. Ng2 Nd5 27. Be2 a5 28. b5
Nb6 29. bxc6 Bxc6 30. Qxb6 Qd7 31. Qc5 Bxg2 32. Kxg2 Qb7+ 33. Bf3 Nxf3 34. Nxf3
Bxd4 35. Qxd4+ Kg8 36. Rxe8 Rxe8 37. Rf2 Rf8 38. c4 Qc7 39. Qd5+ Kg7 40. Qe5+
Qxe5 41. Nxe5 1-0